The mahabharata : (Record no. 4286)
[ view plain ]
| 000 -LEADER | |
|---|---|
| fixed length control field | 00575 a2200181 4500 |
| 010 ## - LCCN (DPL NO) | |
| LC control number | ENG-86145 |
| 020 ## - INTERNATIONAL STANDARD BOOK NUMBER | |
| International Standard Book Number | 8189612603 |
| Terms of availability | 350.00 |
| 035 ## - SYSTEM CONTROL NUMBER | |
| System control number | EN-69678 |
| 037 ## - SOURCE OF ACQUISITION | |
| Source of stock number/acquisition | DBAD / PUB |
| 082 14 - DEWEY DECIMAL CLASSIFICATION NUMBER | |
| Classification number | 230.2 |
| 100 1# - MAIN ENTRY--PERSONAL NAME | |
| Personal name | Rice, Edward P |
| 245 1# - TITLE STATEMENT | |
| Title | The mahabharata : |
| Statement of responsibility, etc | by Edward P. Rice |
| Remainder of title | analysis and index / |
| 260 ## - PUBLICATION, DISTRIBUTION, ETC. (IMPRINT) | |
| Place of publication, distribution, etc | New Delhi |
| Name of publisher, distributor, etc | Omega Publications |
| Date of publication, distribution, etc | 2006 |
| 270 ## - ADDRESS | |
| Address | 4398/5, Ansari Road, Daryaganj |
| City | New Delhi |
| Postal code | 110002 |
| Telephone number | 65901906 |
| Electronic mail address | gph2004@yahoo.co.in |
| 300 ## - PHYSICAL DESCRIPTION | |
| Extent | 112 p. |
| Dimensions | 21cm. (Hb.) |
| 500 ## - GENERAL NOTE | |
| General note | Includes index |
| 942 ## - ADDED ENTRY ELEMENTS (KOHA) | |
| Institution code [OBSOLETE] | dpl |
| Item type | English Books |
| Source of classification or shelving scheme | Dewey Decimal Classification |
| Classification part | 230.2 |
| Call number suffix | RIC |
| Withdrawn status | Lost status | Not for loan | Collection code | Home library | Current library | Source of acquisition | Cost, normal purchase price | Full call number | Barcode | Copy number | Cost, replacement price | Koha item type |
|---|---|---|---|---|---|---|---|---|---|---|---|---|
| Not For Loan | Non-fiction | D.B.Act.Division | D.B.Act.Division | DBAD/PUB | 350.00 | 230.2 RIC | EN-69678 | 1 | 350.00 | English Books |
